| 000 | 01236cam a22002415a 4500 | ||
|---|---|---|---|
| 001 | L147596 | ||
| 002 | 17842 | ||
| 008 | 090527s2009 xxk f 000 0 eng d | ||
| 020 | _a9781842194713 | ||
| 035 | _a(Sirsi) u147596 | ||
| 041 | 0 | _aeng | |
| 050 | 0 | 4 | _a711.1 $2 18 |
| 100 | 1 | _aButter, Ian | |
| 245 | 0 | 4 |
_aThe new planning system _bquestions and answers |
| 260 |
_aCoventry _bRICS _c2009 |
||
| 350 | _a29.99 | ||
| 520 | _aCovers many questions about today's planning world, including: what changes have been made to permitted development rights?; what will happen to Local Plans?; why is the new validation process required?; should I appeal?; what constitutes a "significant effect on the environment"; what are Nationally Significant Infrastructure Projects?; should I CLUED or CLOPUD?; how has the Planning Act 2008 altered the process? what about the future? The questions follow the process from inception to decision and beyond, and the expert advice is supported by quick-reference summaries, digests of key cases and lists of general principles, plus a glossary of key terms. | ||
| 521 | _aAdvanced | ||
| 590 | _aKA | ||
| 651 | 4 |
_aEngland and Wales _y1543- |
|
| 690 |
_aPlanning and development _96259 |
||
| 942 | _n0 | ||
| 999 |
_c109639 _d109639 |
||